[Event "RUS-ch 63rd"]
[Site "Moscow"]
[Date "2010.12.21"]
[Round "10"]
[White "Grischuk, Alexander"]
[Black "Nepomniachtchi, Ian"]
[Result "1/2-1/2"]
[WhiteElo "2771"]
[BlackElo "2720"]
[PlyCount "105"]
[EventDate "2010.12.11"]
[EventType "tourn"]
[EventRounds "11"]
[EventCountry "RUS"]
[EventCategory "19"]
[SourceTitle "CBM 140"]
[Source "ChessBase"]
[SourceDate "2011.01.18"]
[SourceVersion "1"]
[SourceVersionDate "2011.01.18"]
[SourceQuality "1"]

1. c4 e5 2. g3 Nf6 3. Bg2 d5 4. cxd5 Nxd5 5. Nc3 Nb6 6. Nf3 Nc6 7. O-O Be7 8.
a3 O-O 9. b4 Be6 10. Rb1 f6 11. d3 Nd4 12. Bb2 Nxf3+ 13. Bxf3 c6 14. Ne4 Bd5
15. Bc3 Rf7 16. Bh5 g6 17. Bf3 Bf8 18. Qc2 a6 19. Rfd1 Qe7 20. a4 Nd7 21. b5
axb5 22. axb5 Qe6 23. bxc6 Bxc6 24. Rdc1 Bh6 25. Bd2 Ra2 26. Rb2 Rxb2 27. Qxb2
Bxd2 28. Nxd2 Bxf3 29. Nxf3 Nb8 30. Rc5 Nc6 31. Rb5 Qd7 32. Qb3 Kg7 33. e3 Qc8
34. Kg2 Rd7 35. Nd2 Ne7 36. Ne4 Qc6 37. Rc5 Qa6 38. Rb5 Qc6 39. h4 Nd5 40. Qc4
f5 41. Rc5 b5 42. Rxc6 bxc4 43. dxc4 Nxe3+ 44. fxe3 fxe4 45. c5 Rd2+ 46. Kf1
Rc2 47. g4 Kf7 48. Ke1 Ke7 49. Kd1 Rc4 50. h5 Kd7 51. hxg6 hxg6 52. Rxg6 Rxc5
53. g5 1/2-1/2

[Event "Tata Steel-A 73rd"]
[Site "Wijk aan Zee"]
[Date "2011.01.23"]
[Round "8"]
[White "Shirov, Alexei"]
[Black "Grischuk, Alexander"]
[Result "1-0"]
[WhiteElo "2722"]
[BlackElo "2773"]
[Annotator "Kritz,L"]
[PlyCount "147"]
[EventDate "2011.01.14"]
[EventType "tourn"]
[EventRounds "13"]
[EventCountry "NED"]
[EventCategory "20"]
[SourceTitle "CBM 141"]
[Source "ChessBase"]
[SourceDate "2011.03.17"]
[SourceVersion "1"]
[SourceVersionDate "2011.03.17"]
[SourceQuality "1"]

1. e4 c5 2. Nf3 d6 3. d4 cxd4 4. Nxd4 Nf6 5. Nc3 a6 6. Be3 Ng4 {Das ist
sicherlich keine Hauptvariante, aber doch eine sehr interessante Fortsetzung.
Andere moderne Abspiele sind 6...e5 und 6...e6.} (6... e6 7. f3 b5 8. g4 h6 9.
Qd2 Nbd7 10. O-O-O Bb7 11. h4 $132 {mit sehr langen theoretischen Varianten
und unklaren Stellungen am Ende.}) (6... e5 7. Nb3 Be6 8. f3 Be7 9. Qd2 Nbd7
$132 {, ebenfalls mit riesiger Anzahl theoretischer Varianten.}) 7. Bg5 h6 8.
Bh4 g5 9. Bg3 Bg7 {Die Hauptidee dieses Aufbaus ist es, die Kontrolle über die
schwarzen Felder zu gewinnen und das Spiel später ins Endspiel zu bringen.
Weiß hat zwei gute Spielmöglichkeiten. Die eine wurde in der Partie gespielt,
die andere ist 10.h3!?} 10. Be2 (10. h3 Ne5 11. f3 Nbc6 12. Bf2 Ng6 13. Qd2 Qa5
14. O-O-O $14 {Wenn man alle Plus und Minus der Stellung zusammenzählt, hat
Weiß doch bessere Chancen.}) ({Sehr schlecht ist} 10. f3 $4 Ne3 11. Qd2 Bxd4
12. Qxd4 Nxc2+ $19) 10... h5 {Es droht h4.} 11. Bxg4 (11. h4 gxh4 12. Rxh4 Nc6
{Schwarz kann sich schnell entwickeln, Weiß hat viel Zeit für die Züge h4-Rxh4
verloren.} 13. Nb3 Be6 14. Qd2 Rc8 $132 {Morozevich - Polgar (San Luis, 2005)})
11... hxg4 (11... Bxg4 12. f3 Bd7 13. Bf2 Nc6 14. O-O $14 {Diese Variante war
früher sehr populär, doch die entstehende Stellung ist eindeutig vorteilhaft
für Weiß, so man spielt sie nicht mehr oft.}) 12. Nd5 ({Nach} 12. O-O Nc6 13.
Nf5 Bxc3 14. bxc3 Qa5 15. Qxg4 f6 16. Rab1 Qxc3 $132 {hatte Schwarz kein
Problem in Shirov - Kasparov (Sarajevo, 1999)}) 12... Nc6 13. Nf5 Bxf5 ({
Es ist sehr gefährlich den b2-Bauern zu nehmen:} 13... Bxb2 14. Rb1 Ba3 (14...
Be5 15. Bxe5 Nxe5 (15... dxe5 16. Nfxe7 $1 Nxe7 $2 17. Nf6+ Kf8 18. Qxd8+ $18)
16. Nfxe7 $16) 15. Nb6 Bxf5 (15... Rb8 16. O-O Bxf5 17. exf5 {->15....Bf5}) 16.
exf5 Rb8 17. O-O Bc5 18. Nd5 $44) 14. exf5 {Der Bauer g4 hängt. Weiß kann auch
noch im nächsten Zug unter Umständen mit 15.f6 fortsetzen.} Bxb2 (14... Ne5 15.
c3 Rc8 16. Bxe5 Bxe5 17. Qxg4 f6 18. g3 $16 {und Weiß hatte einen gesunden
Mehrbauer in Kulaots - Karjakin (Tallinn, 2001)}) 15. Rb1 Qa5+ {Im Endeffekt
gibt Schwarz die Qualität für einen Bauern auf, hat aber die bessere
Bauernstruktur und dementsprechend auch gewisse Kompensation.} (15... Be5 16.
O-O Bxg3 17. hxg3 Rb8 18. Qxg4 $16) (15... Bd4 16. O-O $1 Rb8 17. Re1 Be5 18.
Qxg4 $16) 16. Qd2 Bd4 {Strikt der einzige Zug. Sonst hat Weiß ein starke
Alternative zum Qualitätsgewinn, nämlich das Nehmen auf b7.} (16... Be5 $2 17.
Qxa5 Nxa5 18. Bxe5 dxe5 19. Nc7+ Kd7 20. Nxa8 Rxa8 21. h4 gxh4 22. Rxh4 $18) (
16... Ba3 17. Rxb7 $1 Qxd2+ 18. Kxd2 $16) (16... Bg7 17. Rxb7 $1 Qxd2+ 18. Kxd2
$16) 17. Qxa5 {Nun gibt es keine Wahl - der Springer d5 hängt.} (17. Rxb7 $4
Qxd5 $19) 17... Nxa5 18. c3 $1 $146 {Starke Neuerung!} (18. Nc7+ Kd7 19. Nxa8
Rxa8 20. Kd1 Bc3 21. h4 gxh3 22. Rxh3 Rc8 23. f4 gxf4 24. Bxf4 b5 $44 {1/2-1/2
Anand,V (2771)-Topalov,V (2690)/Dortmund GER 1999 (51)}) (18. Rb4 Nc6 19. Rxb7
Ra7 20. Rxa7 Bxa7 21. Kd2 Kd7 22. Rb1 Rb8 23. Rxb8 Nxb8 $11 {Bologan - Leitao 
(Buenos Aires, 2000)}) 18... Bc5 {Es ist sehr wichtig, das Feld b4 zu
kontrollieren.} (18... Bg7 19. Nc7+ Kd7 20. Nxa8 Bxc3+ 21. Ke2 {Es stellt sich
heraus, dass ohne den c-Bauern das weiße Spiel viel besser läuft!} Rxa8 22.
Rhc1 Bf6 (22... Rc8 23. Kd3 Bf6 24. Rxc8 Kxc8 25. Rb4 $18) 23. Rb4 b5 24. Rxg4
$16) 19. Nc7+ Kd7 20. Nxa8 Rxa8 21. h4 {Man muss beide Figuren - Rh1 und Bg3 -
ins Spiel bringen, und das ist die beste Weise.} gxh3 (21... gxh4 22. Rxh4 Rg8
23. Rh7 f6 24. Bf4 $16) 22. Rxh3 b5 23. Ke2 f6 24. Rbh1 $1 {Shirov ist
sicherlich einer der besten Endspielspieler der Welt. Es ist eine sehr schwere
Aufgabe, eine solche Stellung gegen ihn zu spielen. Sein Plan ist einfach - er
will einen Turm tauschen, um für immer das schwarze Gegenspiel zu stoppen, und
danach versuchen, die Schwächen a6 und e7 unter Angriff zu nehmen. Den Läufer
wird er mittels f4 ins Spiel bringen.} Nc6 (24... d5 25. Rh8 Ra7 (25... Rxh8
26. Rxh8 $16) 26. Rd1 $18) 25. Rh8 Ra7 (25... Rxh8 26. Rxh8 $16 {Nach dem
Turmtausch ist schwarze Stellung fast schon hoffnungslos.}) 26. f4 $1 {Es
sieht zwar so aus, als ob die schwarze Stellung solide wäre, doch wie man
sieht, kann Weiß mit ganz einfachen Zügen dem Schwarzspieler immer größere
Probleme stellen.} gxf4 27. Bxf4 a5 {Die einzige Chance ist ein Gegenspiel am
Damenflügel.} (27... Rc7 28. g4 Ne5 29. Rg8 Bb6 30. Bxe5 dxe5 31. Rd1+ Kc6 32.
Rdd8 $18 {Man kann dem Turmtausch nicht aus dem Weg gehen.}) 28. g4 {Die Idee
ist es, g5 zu spielen, und dadurch den Läufer zu aktivieren, so dass er den
Bauern e7 angreift.} b4 29. Bd2 {Man sollte das Spiel nicht forcieren. Weiß
kann auf b4 nicht nehmen, weil dadurch der Bauer a2 geschwächt wird. Man
sollte daher die Spannung am Damenflügel halten.} bxc3 $2 (29... Ne5 30. Rg8
Rb7 $14 {/\b3. Schwarz ist noch lange nicht verloren, Weiß hat bessere Chancen,
aber alles ist noch drin.}) 30. Bxc3 d5 31. g5 {Eine radikale Entscheidung,
die das Endspiel zu einer Stellung bringt, in der es nur zwei Ergebnisse geben
kann.} ({Interessant ist auch:} 31. Rc1 Rb7 (31... d4 32. Ba1 Bd6 33. Kd3 Be5
34. Ke4 $14) 32. Ra8 d4 33. Bxa5 $1 Rb2+ 34. Kf3 Kd6 35. Bc7+ Kd5 36. Bf4 $14)
31... fxg5 {Sonst folgt g6.} 32. f6 exf6 {Schwarz muss wiedernehmen.} 33. Bxf6
{Weiß gewinnt sicherlich den g-Bauern, und dank der Aktivität seiner Türme hat
er auch gute Chancen, den d-Bauern zu erobern.} Nd4+ {Es ist sehr unangenehm,
eine solche Stellung zu spielen.} (33... Be7 34. R1h6 Rb7 35. Bxe7 Nxe7 36. Ra6
$16) 34. Kd3 Ne6 35. R1h6 {Das größte Problem für Schwarz ist, dass er seinen
Turm nicht aktivieren kann.} Ra6 36. Bxg5 {Nun kommt es drauf an, ob Weiß den
Bauern d5 gewinnt.} Bb4 (36... Rd6 $5 37. R6h7+ Kc6 38. Be7 Rd7 39. Bxc5 Rxh7
40. Rxh7 Kxc5 41. Ra7 Kb4 $16 {und Schwarz hat noch Chancen dank der Nähe
seines Königs zum a-Bauern, obwohl mit genauem Spiel Weiß doch gewinnen sollte.
}) 37. R8h7+ Kc8 {Mit dem König auf der Grundreihe sieht schwarze Lage noch
schlechter aus.} (37... Kd6 $2 38. Rxe6+ Kxe6 39. Rh6+ Kf5 40. Rxa6 Kxg5 41.
Kd4 $18) 38. Be3 Rd6 39. Ra7 Nc5+ (39... Kb8 40. Rh8+ Rd8 (40... Nd8 41. Rah7
Kc8 42. Bg5 $18) 41. Rxd8+ Nxd8 42. Rd7 $18) 40. Kd4 Ne6+ (40... Rxh6 41. Bxh6
$18) 41. Ke5 d4 42. Bxd4 $2 {Das Fragezeichen steht nicht, weil der Zug
schlecht ist, sondern weil Weiß das Spiel mittels 42.Rhh7 sofort beenden
konnte.} (42. Rhh7 $1 Kb8 43. Rhb7+ Kc8 44. Re7 Kb8 (44... Kd8 45. Rh7 $18) 45.
Rab7+ Kc8 46. Rxb4 $18) 42... Nxd4 43. Rh8+ ({Zum selben Stellengstyp führt} 
43. Rxd6 Bxd6+ 44. Kxd4 (44. Kxd6 $4 Nb5+ 45. Kc5 Nxa7 46. Kb6 $11) 44... Bb4
$18) 43... Rd8 44. Rxd8+ Kxd8 45. Kxd4 Kc8 46. Kd5 {Diese Stellung ist leicht
gewonnen - der Läufer wird von der Verteidigung des a-Bauern getrennt und das
entstehende Endspiel ist gewonnen.} Kb8 47. Rh7 Bd2 48. Kc6 Bb4 49. Rd7 Kc8 50.
Rd3 Kb8 51. Kb6 Kc8 52. Rd1 {Zugzwang - der Bauer a5 geht verloren.} Be7 (52...
Bc3 53. Rc1 $18) (52... a4 53. Rd4 $18) (52... Kb8 53. Rd8#) 53. Kxa5 {Der
Rest ist Sache der Technik.} Bh4 54. Rf1 Bg5 55. Rf3 Kb7 56. Kb5 Bd8 57. Rf7+
Bc7 58. Rd7 Kb8 59. Ka6 Bh2 60. Rb7+ Ka8 {Auch Kc8 verliert leicht.} (60... Kc8
61. Ka7 Bg1+ 62. Ka8 Be3 63. a4 Bd2 (63... Bf2 64. a5 Be3 65. a6 Bf2 66. a7 Be3
67. Rb3 Bf4 68. Rc3+ Bc7 69. Rc2 Kd7 70. Kb7 $18) 64. Rb2 Be1 65. Rc2+ Kd7 66.
Kb7 $18) 61. a4 Bg3 62. a5 {Wenn der schwarze König auf c8 stehen würde,
dürfte man auf keinen Fall a5 spielen - die Stellung wäre dann theoretisch
Remis. Doch mit dem König in der Ecke gewinnt Weiß ziemlich einfach.} Bf2 63.
Rf7 Bc5 64. Rf5 Bd6 65. Kb6 Bb8 66. Rf7 Bh2 67. Ra7+ Kb8 68. Rg7 Ka8 69. a6 Be5
70. Ra7+ Kb8 71. Rd7 Ka8 72. a7 Bd4+ 73. Ka6 Bb6 74. Re7 1-0

[Event "Wch Blitz qual"]
[Site "Moscow"]
[Date "2011.02.17"]
[Round "6.1"]
[White "Grischuk, Alexander"]
[Black "Mamedov, Rauf"]
[Result "0-1"]
[WhiteElo "2773"]
[BlackElo "2660"]
[PlyCount "76"]
[EventDate "2011.02.17"]
[EventType "swiss (blitz)"]
[EventRounds "9"]
[EventCountry "RUS"]
[SourceTitle "CBM 141 Extra"]
[Source "ChessBase"]
[SourceDate "2011.05.03"]
[SourceVersion "1"]
[SourceVersionDate "2011.05.03"]
[SourceQuality "1"]

1. c4 e5 2. g3 g6 3. Bg2 Bg7 4. Nc3 Nf6 5. e4 O-O 6. Nge2 h5 7. d3 Nh7 8. h4 d6
9. Be3 c5 10. a3 Nc6 11. Nd5 f5 12. b4 b6 13. exf5 Bxf5 14. Nec3 Rc8 15. b5 Ne7
16. a4 Nxd5 17. Bxd5+ Kh8 18. a5 e4 19. Nxe4 Bg4 20. Qc1 Bf3 21. O-O Qd7 22.
Kh2 Be5 23. Ng5 Nxg5 24. Bxg5 Bxd5 25. cxd5 Rf3 26. axb6 Qg4 27. Qe1 axb6 28.
Qe4 Rxf2+ 29. Rxf2 Qxg3+ 30. Kh1 Qxf2 31. Bf4 Qxf4 32. Qxf4 Bxf4 33. Ra7 c4 34.
dxc4 Rxc4 35. Rb7 Be3 36. Kg2 Rxh4 37. Re7 Bc5 38. Kf3 Rg4 0-1

[Event "Wch Blitz qual"]
[Site "Moscow"]
[Date "2011.02.17"]
[Round "9.2"]
[White "So, Wesley"]
[Black "Grischuk, Alexander"]
[Result "1/2-1/2"]
[WhiteElo "2673"]
[BlackElo "2773"]
[PlyCount "63"]
[EventDate "2011.02.17"]
[EventType "swiss (blitz)"]
[EventRounds "9"]
[EventCountry "RUS"]
[SourceTitle "CBM 141 Extra"]
[Source "ChessBase"]
[SourceDate "2011.05.03"]
[SourceVersion "1"]
[SourceVersionDate "2011.05.03"]
[SourceQuality "1"]

1. e4 d6 2. d4 g6 3. Nc3 Bg7 4. f4 Nf6 5. Nf3 O-O 6. Bd3 Na6 7. O-O c5 8. d5
Bg4 9. Bc4 Nc7 10. h3 Bxf3 11. Qxf3 a6 12. a4 b6 13. Qd3 Qc8 14. Be3 Rb8 15.
Rab1 Nd7 16. Kh1 Rd8 17. b4 cxb4 18. Rxb4 Nc5 19. Bxc5 bxc5 20. Rxb8 Qxb8 21.
Rb1 Qa7 22. Nd1 Rb8 23. c3 Rxb1 24. Qxb1 a5 25. Qb3 Na8 26. Ne3 Nb6 27. h4 h5
28. g3 Qc7 29. Kg2 Kh7 30. Be2 c4 31. Nxc4 Nxc4 32. Qxc4 1/2-1/2

[Event "Amber-blindfold 20th"]
[Site "Monte Carlo"]
[Date "2011.03.13"]
[Round "2"]
[White "Gelfand, Boris"]
[Black "Grischuk, Alexander"]
[Result "0-1"]
[WhiteElo "2733"]
[BlackElo "2747"]
[PlyCount "138"]
[EventDate "2011.03.12"]
[EventType "tourn (rapid)"]
[EventRounds "11"]
[EventCountry "MNC"]
[EventCategory "21"]
[SourceTitle "CBM 142"]
[Source "ChessBase"]
[SourceDate "2011.05.17"]
[SourceVersion "1"]
[SourceVersionDate "2011.05.17"]
[SourceQuality "1"]

1. d4 Nf6 2. c4 g6 3. Nc3 Bg7 4. e4 d6 5. Nf3 O-O 6. Be2 e5 7. O-O exd4 8. Nxd4
Re8 9. f3 c6 10. Kh1 Nh5 11. g4 Nf6 12. Bf4 h5 13. g5 Nh7 14. Qd2 Nd7 15. Rad1
Qe7 16. Rg1 Ne5 17. Qe1 Nf8 18. Qf2 a6 19. Nb3 Be6 20. c5 Rad8 21. cxd6 Rxd6
22. Qc5 Rxd1 23. Rxd1 Nfd7 24. Qxe7 Rxe7 25. Bc1 Bc4 26. Kg2 Bxe2 27. Nxe2 Nc4
28. Nbd4 c5 29. Nc2 Nf8 30. b3 Ne5 31. f4 Nc6 32. e5 Ne6 33. Be3 Rc7 34. Kf3 b5
35. Ng3 c4 36. bxc4 Na5 37. c5 Nxc5 38. Nb4 Ne6 39. Nd5 Rc2 40. Nf6+ Bxf6 41.
exf6 Nc4 42. f5 Rc3 43. fxe6 Rxe3+ 44. Kf4 fxe6 45. Rd8+ Kf7 46. Rd7+ Ke8 47.
Re7+ Kf8 48. Nxh5 e5+ 49. Kg4 Re4+ 50. Kf3 Nd2+ 51. Kf2 gxh5 52. g6 Rf4+ 53.
Ke2 Rxf6 54. g7+ Kg8 55. Kxd2 Rf2+ 56. Ke3 Rxa2 57. Ke4 Rxh2 58. Kf5 Kh7 59.
Ra7 Ra2 60. g8=Q+ Kxg8 61. Kg6 Kf8 62. Kf6 Rf2+ 63. Kxe5 b4 64. Rxa6 b3 65. Rb6
b2 66. Ke4 Ke7 67. Ke3 Rh2 68. Kf4 Kd7 69. Kg3 Rd2 0-1

[Event "Amber-blindfold 20th"]
[Site "Monte Carlo"]
[Date "2011.03.15"]
[Round "4"]
[White "Grischuk, Alexander"]
[Black "Anand, Viswanathan"]
[Result "1/2-1/2"]
[WhiteElo "2747"]
[BlackElo "2817"]
[PlyCount "39"]
[EventDate "2011.03.12"]
[EventType "tourn (rapid)"]
[EventRounds "11"]
[EventCountry "MNC"]
[EventCategory "21"]
[SourceTitle "CBM 142"]
[Source "ChessBase"]
[SourceDate "2011.05.17"]
[SourceVersion "1"]
[SourceVersionDate "2011.05.17"]
[SourceQuality "1"]

1. e4 e5 2. Nf3 Nc6 3. Bb5 Nf6 4. O-O Nxe4 5. d4 Nd6 6. Bxc6 dxc6 7. dxe5 Nf5
8. Qxd8+ Kxd8 9. Nc3 Ke8 10. h3 h5 11. Bf4 Be7 12. Rad1 Be6 13. Ng5 Rh6 14. g3
Bxg5 15. Bxg5 Rg6 16. Bf4 Nh4 17. Kh1 Nf3 18. Kg2 Nh4+ 19. Kh1 Nf3 20. Kg2
1/2-1/2

[Event "Amber-blindfold 20th"]
[Site "Monte Carlo"]
[Date "2011.03.18"]
[Round "6"]
[White "Grischuk, Alexander"]
[Black "Aronian, Levon"]
[Result "1/2-1/2"]
[WhiteElo "2747"]
[BlackElo "2808"]
[PlyCount "61"]
[EventDate "2011.03.12"]
[EventType "tourn (rapid)"]
[EventRounds "11"]
[EventCountry "MNC"]
[EventCategory "21"]
[SourceTitle "CBM 142"]
[Source "ChessBase"]
[SourceDate "2011.05.17"]
[SourceVersion "1"]
[SourceVersionDate "2011.05.17"]
[SourceQuality "1"]

1. d4 d5 2. c4 c6 3. Nf3 Nf6 4. Nc3 a6 5. g3 dxc4 6. Ne5 b5 7. Bg2 Bb7 8. O-O
e6 9. a4 Qc8 10. e4 Be7 11. g4 Nfd7 12. Nf3 O-O 13. Bf4 Rd8 14. Qe2 b4 15. Nd1
c5 16. d5 exd5 17. exd5 Nf6 18. Ne3 Bf8 19. Ne5 Nxd5 20. Qxc4 Qe6 21. Rad1 Nxe3
22. Qxe6 fxe6 23. fxe3 Rxd1 24. Rxd1 Bxg2 25. Kxg2 Be7 26. g5 Ra7 27. Kf3 Rb7
28. b3 Kf8 29. g6 hxg6 30. Nxg6+ Ke8 31. Nxe7 1/2-1/2

[Event "Amber-blindfold 20th"]
[Site "Monte Carlo"]
[Date "2011.03.19"]
[Round "7"]
[White "Ivanchuk, Vassily"]
[Black "Grischuk, Alexander"]
[Result "1/2-1/2"]
[WhiteElo "2779"]
[BlackElo "2747"]
[PlyCount "84"]
[EventDate "2011.03.12"]
[EventType "tourn (rapid)"]
[EventRounds "11"]
[EventCountry "MNC"]
[EventCategory "21"]
[SourceTitle "CBM 142"]
[Source "ChessBase"]
[SourceDate "2011.05.17"]
[SourceVersion "1"]
[SourceVersionDate "2011.05.17"]
[SourceQuality "1"]

1. d4 Nf6 2. c4 g6 3. Nc3 Bg7 4. e4 d6 5. f3 O-O 6. Be3 c5 7. dxc5 dxc5 8. Qxd8
Rxd8 9. Bxc5 Nc6 10. Nge2 b6 11. Ba3 Ba6 12. Nb5 Rd7 13. Nec3 Bb7 14. Na4 Rad8
15. Be2 Nh5 16. g3 f5 17. exf5 gxf5 18. Kf2 Nd4 19. Rhd1 Nxe2 20. Rxd7 Rxd7 21.
Kxe2 Bh6 22. Bb4 Bc6 23. b3 Nf6 24. Bc3 e5 25. Nb2 a6 26. Na3 f4 27. Rd1 Kf7
28. Rxd7+ Nxd7 29. Nc2 e4 30. fxe4 Bxe4 31. Nb4 a5 32. Nd5 fxg3 33. hxg3 Ke6
34. Ne3 Bb1 35. a3 Nc5 36. b4 axb4 37. axb4 Ne4 38. Be1 Nd6 39. Bf2 Ba2 40. Kd3
Bb1+ 41. Ke2 Ba2 42. Kd3 Bb1+ 1/2-1/2

[Event "Amber-blindfold 20th"]
[Site "Monte Carlo"]
[Date "2011.03.22"]
[Round "9"]
[White "Giri, Anish"]
[Black "Grischuk, Alexander"]
[Result "1/2-1/2"]
[WhiteElo "2690"]
[BlackElo "2747"]
[PlyCount "68"]
[EventDate "2011.03.12"]
[EventType "tourn (rapid)"]
[EventRounds "11"]
[EventCountry "MNC"]
[EventCategory "21"]
[SourceTitle "CBM 142"]
[Source "ChessBase"]
[SourceDate "2011.05.17"]
[SourceVersion "1"]
[SourceVersionDate "2011.05.17"]
[SourceQuality "1"]

1. d4 Nf6 2. c4 g6 3. Nc3 Bg7 4. e4 d6 5. Nf3 O-O 6. Be2 e5 7. O-O Nc6 8. d5
Ne7 9. Ne1 Nd7 10. Nd3 f5 11. Bd2 Nf6 12. f3 f4 13. c5 g5 14. Rc1 Ng6 15. Nb5
Rf7 16. Ba5 b6 17. cxd6 cxd6 18. Be1 a6 19. Nc3 a5 20. a4 Bf8 21. Nf2 h5 22. h3
Rg7 23. Nb5 Nh4 24. Rc3 Rb8 25. Qc2 g4 26. fxg4 hxg4 27. Nxg4 Nxg4 28. Bxg4
Bxg4 29. hxg4 Rxg4 30. Bxh4 Qxh4 31. Rff3 Qe1+ 32. Rf1 Qh4 33. Rff3 Qe1+ 34.
Rf1 Qh4 1/2-1/2

[Event "Amber-blindfold 20th"]
[Site "Monte Carlo"]
[Date "2011.03.24"]
[Round "11"]
[White "Gashimov, Vugar"]
[Black "Grischuk, Alexander"]
[Result "1/2-1/2"]
[WhiteElo "2746"]
[BlackElo "2747"]
[PlyCount "279"]
[EventDate "2011.03.12"]
[EventType "tourn (rapid)"]
[EventRounds "11"]
[EventCountry "MNC"]
[EventCategory "21"]
[SourceTitle "CBM 142"]
[Source "ChessBase"]
[SourceDate "2011.05.17"]
[SourceVersion "1"]
[SourceVersionDate "2011.05.17"]
[SourceQuality "1"]

1. c4 g6 2. Nc3 c5 3. g3 Bg7 4. Bg2 Nc6 5. e3 e6 6. Nge2 Nge7 7. d4 cxd4 8.
exd4 d5 9. cxd5 Nxd5 10. O-O O-O 11. Re1 Nde7 12. Ne4 h6 13. Be3 Nf5 14. Qd2
Qb6 15. Rad1 Rd8 16. Qc1 Bd7 17. Bh3 Nce7 18. Nc5 Bb5 19. Nc3 Rac8 20. b4 Bc6
21. a3 Kh7 22. Ne2 Bf3 23. Qb1 Nd5 24. Rd3 Qb5 25. a4 Qc6 26. b5 Qc7 27. Nf4 b6
28. Ncxe6 fxe6 29. Nxe6 Qf7 30. Nxd8 Rxd8 31. Bg5 hxg5 32. Rxf3 Nde7 33. g4
Rxd4 34. gxf5 g4 35. Rg3 gxh3 36. fxg6+ Nxg6 37. Qc2 Rh4 38. Ree3 Qf6 39. Rxh3
Qa1+ 40. Kg2 Kh6 41. Re6 Bf6 42. Qf5 Kg7 43. Rg3 Rh6 44. Re4 Qa2 45. h4 Kf7 46.
Qd7+ Ne7 47. Rge3 Qd5 48. Qxd5+ Nxd5 49. Rd3 Rh5 50. Kf3 Be7 51. Red4 Nf6 52.
Rf4 Ke6 53. Re3+ Kf7 54. Rd3 Kg6 55. Rd1 Rc5 56. Rg1+ Kf7 57. Rg5 Rc3+ 58. Kg2
Rc8 59. h5 Rh8 60. Rf3 Rh7 61. Rh3 Nd7 62. Rg4 Nf6 63. Rc4 Bc5 64. a5 Nxh5 65.
Kf1 Kg6 66. Rg4+ Kf5 67. Rgh4 Kg6 68. a6 Be7 69. Rg4+ Kf5 70. Rg8 Bd6 71. Rh4
Be7 72. Rh2 Bd6 73. Rh3 Be5 74. Ke1 Bd6 75. Kd1 Be5 76. Rf3+ Bf4 77. Kc2 Re7
78. Rf8+ Kg4 79. Rc3 Be5 80. Rc4+ Nf4 81. Re4 Kf3 82. Rxe5 Rxe5 83. Rf7 Rc5+
84. Kd2 Rxb5 85. Rxa7 Ra5 86. Kc3 Kxf2 87. Rb7 Rxa6 88. Kc4 Ra4+ 89. Kb5 Ra1
90. Rxb6 Ke3 91. Rd6 Ke4 92. Kc4 Rc1+ 93. Kb3 Nd5 94. Rd8 Kd4 95. Kb2 Rc7 96.
Rd6 Kc4 97. Kc1 Rh7 98. Rd8 Rh2 99. Kd1 Kd4 100. Ke1 Ke4 101. Kd1 Nc3+ 102. Kc1
Ne2+ 103. Kd1 Nd4 104. Ke1 Ke3 105. Re8+ Kd3 106. Rd8 Re2+ 107. Kf1 Re7 108.
Kf2 Rf7+ 109. Ke1 Rf5 110. Rd7 Rf8 111. Rd5 Re8+ 112. Kf2 Re2+ 113. Kf1 Rb2
114. Rd8 Ke4 115. Re8+ Kf4 116. Rf8+ Nf5 117. Ke1 Rb5 118. Kd2 Re5 119. Kd3 Re7
120. Kd2 Ke4 121. Rd8 Nd4 122. Kc3 Rc7+ 123. Kd2 Nc6 124. Re8+ Ne7 125. Rd8 Nd5
126. Re8+ Kd4 127. Rd8 Rc6 128. Ke1 Ra6 129. Ke2 Ra2+ 130. Ke1 Ke4 131. Re8+
Kd3 132. Rd8 Re2+ 133. Kf1 Re5 134. Kf2 Rf5+ 135. Ke1 Kc2 136. Ke2 Re5+ 137.
Kf2 Nb4 138. Kf3 Nc6 139. Rc8 Re6 140. Rc7 1/2-1/2